Communications and Multimedia act 1998 (Act 588) & Regulations and Malaysian Communications and Multimedia Commission Act 1998 (Act 589) (As at 1st November 2003) / (Record no. 4298)
[ view plain ]
| 000 -LEADER | |
|---|---|
| fixed length control field | nam a22 a 4500 |
| 003 - CONTROL NUMBER IDENTIFIER | |
| control field | AKMAL |
| 005 - DATE AND TIME OF LATEST TRANSACTION | |
| control field | 20170526160149.0 |
| 008 - FIXED-LENGTH DATA ELEMENTS--GENERAL INFORMATION | |
| fixed length control field | 170526s2003 my g 000 0 eng d |
| 020 ## - INTERNATIONAL STANDARD BOOK NUMBER | |
| International Standard Book Number | 9678914360 (pbk.) : |
| Terms of availability | RM27.50 |
| 082 00 - DEWEY DECIMAL CLASSIFICATION NUMBER | |
| Classification number | 343.09944 COM |
| Edition number | 22 |
| 090 00 - LOCALLY ASSIGNED LC-TYPE CALL NUMBER (OCLC); LOCAL CALL NUMBER (RLIN) | |
| Classification number (OCLC) (R) ; Classification number, CALL (RLIN) (NR) | 343.09944 |
| Local cutter number (OCLC) ; Book number/undivided call number, CALL (RLIN) | COM |
| 110 1# - MAIN ENTRY--CORPORATE NAME | |
| Corporate name or jurisdiction name as entry element | Malaysia |
| 9 (RLIN) | 400 |
| 240 10 - UNIFORM TITLE | |
| Uniform title | Akta Komunikasi dan Multimedia 1998 (Act 588) |
| Language of a work | English |
| 245 00 - TITLE STATEMENT | |
| Title | Communications and Multimedia act 1998 (Act 588) & Regulations and Malaysian Communications and Multimedia Commission Act 1998 (Act 589) (As at 1st November 2003) / |
| Statement of responsibility, etc. | compiled by : Legal Research Board |
| 260 ## - PUBLICATION, DISTRIBUTION, ETC. | |
| Place of publication, distribution, etc. | Petaling Jaya : |
| Name of publisher, distributor, etc. | International Law Book Services, |
| Date of publication, distribution, etc. | 2003 |
| 300 ## - PHYSICAL DESCRIPTION | |
| Extent | 367p. ; |
| Dimensions | 24cm. |
| 650 10 - SUBJECT ADDED ENTRY--TOPICAL TERM | |
| Topical term or geographic name entry element | Communication in law |
| Geographic subdivision | Malaysia |
| 9 (RLIN) | 8373 |
| 650 20 - SUBJECT ADDED ENTRY--TOPICAL TERM | |
| Topical term or geographic name entry element | Multimedia systems |
| General subdivision | Law and legislation |
| Geographic subdivision | Malaysia |
| 9 (RLIN) | 8374 |
| 710 2# - ADDED ENTRY--CORPORATE NAME | |
| Corporate name or jurisdiction name as entry element | Lembaga Penyelidikan Undang-Undang |
| 9 (RLIN) | 8375 |
| 710 12 - ADDED ENTRY--CORPORATE NAME | |
| Corporate name or jurisdiction name as entry element | Malaysia. |
| Title of a work | Akta Suruhanjaya Komunikasi dan Multimedia 1998 (Akta 589) |
| 9 (RLIN) | 8376 |
| 942 ## - ADDED ENTRY ELEMENTS (KOHA) | |
| Source of classification or shelving scheme | |
| Koha item type | Book |
| Withdrawn status | Lost status | Source of classification or shelving scheme | Damaged status | Not for loan | Collection code | Home library | Current library | Shelving location | Date acquired | Inventory number | Total Checkouts | Full call number | Barcode | Date last seen | Price effective from | Koha item type |
|---|---|---|---|---|---|---|---|---|---|---|---|---|---|---|---|---|
| NON-FICTION | AKMAL Melaka | AKMAL Melaka | PINJAMAN | 26.05.2017 | 304150 | 343.09944 COM | 201706148 | 26.05.2017 | 26.05.2017 | Book |
